000 00582nam a2200217Ia 4500
003 OSt
005 20241005092438.0
008 210210b1938 xxu||||| |||| 00| 0 eng d
040 _cAL
041 _aMalayalam
082 _a868/31
100 _aPANDEY (Ganesh)
_dपांडे गणेश
_9181471
245 _aChitranjan das
_bचितरंजन दास
260 _aPrayag
_bChatrhitakari Pustakmala
_c1938
650 _aranjan
_9181472
650 _adAs
_9181473
650 _aChit
_9181474
690 _aBiography
_9181475
906 _a023756
942 _2ddc
_cBK
999 _c148721
_d148721